Геотехнологические способы разработки месторождений полезных ископаемых: учебное пособие

Dades bibliogràfiques
Autor principal: Лазченко К. Н. Константин Никитович
Autor corporatiu: Московский государственный горный университет
Altres autors: Терентьев Б. Д. Борис Дмитриевич
Sumari:Рассмотрены перспективные направления разработки месторождений полезных ископаемых. Особое внимание уделено проблемам отработки с использованием нетрадиционных методов: подземной газификации угольных пластов (ПГУ) и подземному сжиганию углей (ПГУ). Изложены теоретические вопросы ПГУ и результаты промышленного внедрения данного метода в России и за рубежом. Приведены направления дальнейшего развития нетрадиционных методов разработки.Для студентов вузов, обучающихся по направлению «Горное дело».
Idioma:rus
Publicat: Москва, Изд-во Московского горного ин-та, 2007
Edició:3-е изд.
Col·lecció:Высшее горное образование
Matèries:
Format: MixedMaterials Llibre
KOHA link:https://koha.lib.tpu.ru/cgi-bin/koha/opac-detail.pl?biblionumber=122776

MARC

LEADER 00000nam0a2200000 4500
001 122776
005 20231031130146.0
010 |a 5741800734 
035 |a (RuTPU)RU\TPU\book\132919 
035 |a BOOK00031479 
035 |a RU\TPU\book\31400 
090 |a 122776 
100 |a 20011209d2007 m y0rusy50 ca 
101 0 |a rus 
102 |a RU 
105 |a y j 001zy 
200 1 |a Геотехнологические способы разработки месторождений полезных ископаемых  |e учебное пособие  |f К. Н. Лазченко, Б. Д. Терентьев  |g Московский государственный горный университет 
205 |a 3-е изд. 
210 |a Москва  |c Изд-во Московского горного ин-та  |d 2007 
215 |a 75 с. 
225 1 |a Высшее горное образование 
320 |a Библиогр.: с. 75. 
330 |a Рассмотрены перспективные направления разработки месторождений полезных ископаемых. Особое внимание уделено проблемам отработки с использованием нетрадиционных методов: подземной газификации угольных пластов (ПГУ) и подземному сжиганию углей (ПГУ). Изложены теоретические вопросы ПГУ и результаты промышленного внедрения данного метода в России и за рубежом. Приведены направления дальнейшего развития нетрадиционных методов разработки.Для студентов вузов, обучающихся по направлению «Горное дело». 
451 1 |0 (RuTPU)RU\TPU\book\31400  |y 5-7418-0073-4  |t Геотехнологические способы разработки месторождений полезных ископаемых  |o учебное пособие  |f К. Н. Лазченко, Б. Д. Терентьев  |g Московский государственный горный университет  |e 2-е изд., стер.  |c М.  |n Изд-во Московского горного ин-та  |d 2000  |p 75 с.  |s Высшее горное образование  |a Лазченко, Константин Никитович 
610 1 |a горное дело 
610 1 |a полезные ископаемые 
610 1 |a месторождения 
610 1 |a разработка 
610 1 |a геотехнологический способ 
610 1 |a уголь 
610 1 |a газификация подземная 
610 1 |a вскрытие 
610 1 |a учебные пособия 
675 |a 622.277(075.8)  |v 3 
700 1 |a Лазченко  |b К. Н.  |g Константин Никитович 
701 1 |a Терентьев  |b Б. Д.  |g Борис Дмитриевич 
712 0 2 |a Московский государственный горный университет 
801 1 |a RU  |b 63413507  |c 20071008  |g PSBO 
801 2 |a RU  |b 63413507  |c 20150723  |g PSBO 
900 |a Полезные ископаемые 
900 |a Месторождения полезных ископаемых 
900 |a Основы технологии разработки месторождений полезных ископаемых 
942 |c BK 
952 |b 130400 
959 |a 69/20071008  |d 5  |e 90,00  |f АНЛ:1  |f ЧЗТЛ:1  |f УФ:3